La educación musical infantil en México : (Record no. 70863)

MARC details
000 -LEADER
fixed length control field 01303cam a2200253 4500
008 - FIXED-LENGTH DATA ELEMENTS--GENERAL INFORMATION
fixed length control field 081002n1987 mx 000 0 spa u
020 ## - INTERNATIONAL STANDARD BOOK NUMBER
International Standard Book Number 9682915260
111 2# - MAIN ENTRY--MEETING NAME
Meeting name or jurisdiction name as entry element Encuentro Metropolitano sobre Educación Musical Infantil
Number of part/section/meeting (1o. :
Date of meeting 1984 :
Location of meeting Ciudad de México, México)
245 13 - TITLE STATEMENT
Title La educación musical infantil en México :
Remainder of title antología de metodos y experiencias /
Statement of responsibility, etc Primer Encuentro Metropolitano sobre Edución Musical Infantil : recopilación Susana Dultzin.
250 ## - EDITION STATEMENT
Edition statement 1a ed.
260 ## - PUBLICATION, DISTRIBUTION, ETC. (IMPRINT)
Place of publication, distribution, etc México :
Name of publisher, distributor, etc INBA, Centro Nacional de Investigación, Documentación e Información Musical Carlos Chávez, Dirección de Investigación y Documentación de las Artes,
Date of publication, distribution, etc 1987
300 ## - PHYSICAL DESCRIPTION
Extent 201 p. ;
-- 1 cm.
440 #0 - SERIES STATEMENT/ADDED ENTRY--TITLE
Title Música.
Name of part/section of a work Serie Investigación y Documentación de laas Artes ;
Volume number/sequential designation 1
500 ## - GENERAL NOTE
General note Evento organizado por el INBA, mayo 25-27 de 1984
504 ## - BIBLIOGRAPHY, ETC. NOTE
Bibliography, etc Bibliografía: p. 185-201 e índice
590 ## - LOCAL NOTE (RLIN)
Local note Donación: UNAM, Instituto de Investigaqciones Estéticas
650 #4 - SUBJECT ADDED ENTRY--TOPICAL TERM
Topical term or geographic name as entry element Escuelas musicales
General subdivision Enseñanza
Geographic subdivision Méxicol
650 #4 - SUBJECT ADDED ENTRY--TOPICAL TERM
Topical term or geographic name as entry element Música
General subdivision Enseñanza
Form subdivision Juvenil
Geographic subdivision México
700 1# - ADDED ENTRY--PERSONAL NAME
Personal name Dultzin, Susana, recop.
710 1# - ADDED ENTRY--CORPORATE NAME
Corporate name or jurisdiction name as entry element México. Instituto Nacional de Bellas Artes,
Subordinate unit Escuela Superior de Música
942 ## - ADDED ENTRY ELEMENTS (KOHA)
Source of classification or shelving scheme Biblioteca del Cogreso de los Estados Unidos
Koha item type Libro
Holdings
Estado de pérdida Fuente de clasificación Estado del daño No para préstamo Ubicación permanente Ubicación actual Apartado o colección Fecha de adquisición Área del conocimiento Clasificación Código de Barras Date last seen Número de copia Tipo de recurso
  Biblioteca del Cogreso de los Estados Unidos     Biblioteca del Instituto de Investigaciones Históricas Biblioteca del Instituto de Investigaciones Históricas General 06/11/2018 Educación y Humanidades MT3.M3 E38 1987 IIH000027152 06/11/2018 C:1 Libro